00165nam a22000857a 4500040000800000082001200008100002400020245002600044300000900070 cdlc a823.914 aRavi Shankar Etteth aThe Village of Widows a355p